El mundo del Cine: los grandes mitos del Séptimo Arte

Salvato in:
Dettagli Bibliografici
Natura: Libro
Lingua:spagnolo
Pubblicazione: Barcelona Océano 1999
Edizione:1a. ed
Soggetti:
Tags: Aggiungi Tag
Nessun Tag, puoi essere il primo ad aggiungerne!!

MARC

LEADER 00000nam a2200000 a 4500
001 UCH8655
003 CL-VaPUC
008 091203e19990000SP |||||||||||||||||spa|d
020 |a 8449414504 
082 0 4 |a 790  |b MUN  |2 21 
245 1 3 |a El mundo del Cine: los grandes mitos del Séptimo Arte 
250 |a 1a. ed 
300 |a 400 p 
942 |c BK 
945 |d 20091203 00:00:00  |a cmena 
260 |a Barcelona  |b Océano  |c 1999 
500 |a Incluye Cd-Rom: 
500 |a Música de Cine: Lo que el viento se llevó, tema de Lara; Fantasía, Cascanueces, danza de los Mirlitones; Candilejas, Eternalty; Tema de Alfred Hitchcock, Marcha fúnebre para una marioneta; El puente sobre el río Kwai, Coronel Bogey; Los siete magníficos, tema central; Doctor Zhivago, Tema de Lara; Elvira Madigan, Concierto para piano en Do mayor N§21, KV467, andante; Muerte en Venecia, Sinfonía N§5 en Do sostenido menor, Adagietto; Barry Lyndon, Suite N§11 en Re menor, Zarabanda; La guerra de las galaxias, Tema central; Apocalypse now 6, La Walkiria, cabalgata; Gente corriente, Canon; Carros de fuego, tema central; Memorias de Africa, Concierto para clarinete en La mayor, KV 622, adagio; Titanic, My heart will go on 
650 0 |a Historia del cine  |9 265166 
650 7 |a REALIZACION DE PELICULAS  |2 CL-VaPUC  |9 545337 
650 7 |a CLASICOS DEL CINE  |2 CL-VaPUC  |9 545338 
650 0 |a Personajes  |9 329683 
583 |a last modification  |c 20091203 00:00:00  |k Rodrigo Vera 
999 |c 338848  |d 338846 
952 |0 0  |1 0  |4 0  |6 790_000000000000000_MUN_1999  |7 0  |8 C  |9 432040  |a BIBCUR  |b BIBCUR  |d 2019-11-22  |i 4602048  |o 790 MUN 1999  |p 4602048  |r 2025-04-22  |w 2019-11-22  |y BK  |k CAC